000
00240 a2200073 4500
245
0
_a
European Information Technology Observatory 2007 /
_c
.
710
2
_a
European Economic Interest Grouping.
_e
Wydawca
_4
pbl
260
_a
Berlin :
_b
EITO,
_c
2007.
300
_a
269 s.;
_c
24 cm.
999
_c
17629
_d
17629